Villes ayant accueilli le plus de matches du Championnat d'Europe - Statistiques

Statistiques générales
  • Ce quiz a été pris 71 fois
  • Le résultat moyen est 9 sur 10
Statistiques - réponses
Matches Pays Ville % Correct
10 Portugal Lisbonne
100%
10 France Marseille
100%
17 France Paris
100%
9 Pays-Bas Amsterdam
98%
14 Angleterre Londres
98%
8 France Lyon
98%
8 Portugal Porto
98%
11 Italie Rome
98%
12 Allemagne Munich
97%
9 Allemagne Cologne
48%
Aucun quiz correspondant
Distribution des résultats
% des personnes avec chaque résultat
Percentile par nombre de réponses
Votre historique - résultats
Vous n’avez pas pris ce quiz